ბათუმის შოთა რუსთაველის სახელმწიფო უნივერსიტეტის ბიბლიოთეკა

Peripheral Affects. Shame Publics, and Performance on the margins of the Republic of Georgia / (ბიბ.ჩანაწერი № 51687)

000 -LEADER
fixed length control field 00697nam a2200217Ia 4500
001 - CONTROL NUMBER
control field 18678
003 - CONTROL NUMBER IDENTIFIER
control field GE_BSU
005 - DATE AND TIME OF LATEST TRANSACTION
control field 20210406123550.0
008 - FIXED-LENGTH DATA ELEMENTS--GENERAL INFORMATION
fixed length control field 181216s2015||||ge |||||||||||||| ||eng||
020 ## - INTERNATIONAL STANDARD BOOK NUMBER
International Standard Book Number 9788776119263
040 ## - CATALOGING SOURCE
Transcribing agency GE_BSU
080 ## - UNIVERSAL DECIMAL CLASSIFICATION NUMBER
Universal Decimal Classification number 572.9 K-42
100 ## - MAIN ENTRY--PERSONAL NAME
Personal name Khalvashi, Tamta
9 (RLIN) 11098
245 ## - TITLE STATEMENT
Title Peripheral Affects. Shame Publics, and Performance on the margins of the Republic of Georgia /
Statement of responsibility, etc. Tamta Khalvashi.
264 ## - PRODUCTION, PUBLICATION, DISTRIBUTION, MANUFACTURE, AND COPYRIGHT NOTICE
Date of production, publication, distribution, manufacture, or copyright notice 2015.
300 ## - PHYSICAL DESCRIPTION
Extent 222 p.
Other physical details 25 cm.
653 ## - INDEX TERM--UNCONTROLLED
keyword Peripheral Affects. Shame Publics, and Performance on the margins of the Republic of Georgia
653 ## - INDEX TERM--UNCONTROLLED
keyword ბიოლოგია
653 ## - INDEX TERM--UNCONTROLLED
keyword დისერტაცია
942 ## - ADDED ENTRY ELEMENTS (KOHA)
Koha item type წიგნი
Source of classification or shelving scheme
ეგზემპლარები
Withdrawn status Lost status Source of classification or shelving scheme Damaged status Not for loan Permanent Location Current Location Shelving location Date acquired Full call number Barcode Date last seen Copy number Price effective from Koha item type
          ბათუმის შოთა რუსთაველის სახელმწიფო უნივერსიტეტის მთავარი ბიბლიოთეკა ბათუმის შოთა რუსთაველის სახელმწიფო უნივერსიტეტის მთავარი ბიბლიოთეკა წიგნსაცავი 2018-12-17 572.9 K-42 247 დისერტ. 2018-12-17 247 2018-12-17 დისერტაცია